Historia de la guerra del Peloponeso / (Record no. 166714)
[ view plain ]
| 000 -LEADER | |
|---|---|
| campo de control de longitud fija | 00847nam a2200229 i 4500 |
| 001 - NÚMERO DE CONTROL | |
| campo de control | 166714 |
| 003 - IDENTIFICADOR DE NÚMERO DE CONTROL | |
| campo de control | ES-MaACL |
| 005 - FECHA Y HORA DE LA ÚLTIMA TRANSACCIÓN | |
| campo de control | 20230906213403.0 |
| 008 - DATOS DE LONGITUD FIJA--INFORMACIÓN GENERAL | |
| campo de control de longitud fija | 940206s1889 sp |||| | spa d |
| 040 ## - FUENTE DE CATALOGACIÓN | |
| Centro catalogador/agencia de origen | AR |
| Lengua de catalogación | spa |
| 100 1# - ENTRADA PRINCIPAL--NOMBRE DE PERSONA | |
| Nombre de persona | Tucidides. |
| 9 (RLIN) | 111626 |
| 245 10 - MENCIÓN DEL TÍTULO | |
| Título | Historia de la guerra del Peloponeso / |
| Mención de responsabilidad, etc. | escrita por Tucidides ; traducida del griego por Diego Gracian y enmendada la traducción. |
| 260 ## - PUBLICACIÓN, DISTRIBUCIÓN, ETC. | |
| Lugar de publicación, distribución, etc. | Madrid : |
| Nombre del editor, distribuidor, etc. | Librería de la viuda de Hernando y C\sa\p, |
| Fecha de publicación, distribución, etc. | 1889. |
| 300 ## - DESCRIPCIÓN FÍSICA | |
| Extensión | 2 v.(384;365 p.) ; |
| Dimensiones | 18 cm. |
| 490 1# - MENCIÓN DE SERIE | |
| Mención de serie | Biblioteca Clásica ; |
| Designación de volumen o secuencia | 120, 123 |
| 651 #4 - PUNTO DE ACCESO ADICIONAL DE MATERIA--NOMBRE GEOGRÁFICO | |
| Nombre geográfico | Grecia- |
| Subdivisión general | Historia- |
| Subdivisión cronológica | 431-404 a.C. (Guerra del Peloponeso) |
| 9 (RLIN) | 8780 |
| 700 1# - ENTRADA AGREGADA--NOMBRE PERSONAL | |
| Nombre de persona | Gracián, Diego. |
| 9 (RLIN) | 59482 |
| 830 0# - PUNTO DE ACCESO ADICIONAL DE SERIE-TÍTULO UNIFORME | |
| Título uniforme | Biblioteca Clásica ; |
| Designación de volumen o secuencia | 120, 123 |
| 9 (RLIN) | 180370 |
| 852 ## - LOCALIZACIÓN | |
| Ubicación | ES-MaACL |
| Número de control de estantería | F-13281-13282 |
| Nota libre | -- Enc. tela |
| Estatus retirado | Estado de pérdida | Estado de daño | No para préstamo | Colección | Biblioteca de origen | Biblioteca actual | Ubicación en estantería | Fecha de adquisición | Fuente de adquisición | Total de préstamos | Signatura topográfica completa | Código de barras | Visto por última vez | Precio de reemplazo | Tipo de ítem Koha |
|---|---|---|---|---|---|---|---|---|---|---|---|---|---|---|---|
| Libros del s. XIX | Biblioteca del Ateneo de Madrid | Biblioteca del Ateneo de Madrid | Sala Pecera Planta 2 | 17/01/2008 | F-13281-13282 | 1174847 | 23/02/2023 | 23/02/2023 | Libro impreso antiguo |
